[Event "GER-chT Christmas U20"]
[Site "Playchess.com INT"]
[Date "2020.12.29"]
[Round "4.1"]
[White "Gazizov, Max"]
[Black "Hupfer, Maurice"]
[Result "1-0"]
[WhiteElo "1689"]
[BlackElo "1484"]
[PlyCount "117"]
[EventDate "2020.12.29"]
[EventType "team-swiss (blitz)"]
[EventRounds "7"]
[EventCountry "GER"]
[SourceTitle "CBM 200 Extra"]
[Source "ChessBase"]
[SourceDate "2021.03.31"]
[SourceVersion "1"]
[SourceVersionDate "2021.03.31"]
[SourceQuality "1"]
[WhiteTeam "Think Rochade"]
[BlackTeam "Greiz"]
[WhiteTeamCountry "GER"]
[BlackTeamCountry "GER"]

1. d4 c5 2. d5 d6 3. c4 e5 4. e4 f5 5. Nc3 Nf6 6. Bg5 Be7 7. Bxf6 Bxf6 8. Nge2 fxe4 9. Nxe4 Bf5 10. N2g3 Bxe4 11. Nxe4 0-0 12. Bd3 Qe7 13. Qh5 g6 14. Qg4 Nd7 15. h4 Bg7 16. Ng5 Nf6 17. Qe6+ Qxe6 18. Nxe6 Rf7 19. 0-0-0 Ng4 20. Rd2 Nf6 21. Kd1 Bh6 22. Re2 a6 23. b3 a5 24. a4 b6 25. Bc2 Nh5 26. g3 Nf6 27. Rf1 Nh5 28. Be4 Rb8 29. Bg2 Kh8 30. Kc2 Ng7 31. Bh3 Nxe6 32. dxe6 Re7 33. Rd1 Rd8 34. Rd5 Bf8 35. Kd3 Rg7 36. Ke4 Be7 37. Kf3 h5 38. Re4 Rf8+ 39. Kg2 Rd8 40. f4 exf4 41. Rxf4 Kg8 42. Rd1 g5 43. hxg5 Rxg5 44. Rd5 Rxd5 45. cxd5 Rf8 46. Kf3 Rxf4+ 47. gxf4 h4 48. Ke4 Kg7 49. Kd3 Kf6 50. Kc4 Bd8 51. Kb5 Ke7 52. Kc6 Kf6 53. Kxd6 Be7+ 54. Kd7 b5 55. d6 Bxd6 56. Kxd6 bxa4 57. e7 axb3 58. e8Q b2 59. Qe5+ 1-0

[Event "DSOL 08 Liga Gr-B 1st"]
[Site "Playchess.com INT"]
[Date "2020.08.07"]
[Round "7.1"]
[White "Hupfer, Maurice"]
[Black "Friedel, Thomas"]
[Result "1-0"]
[WhiteElo "1428"]
[BlackElo "1467"]
[PlyCount "33"]
[EventDate "2020.06.22"]
[EventType "team-tourn (rapid)"]
[EventCountry "GER"]
[SourceTitle "EXT 2021"]
[Source "ChessBase"]
[SourceDate "2020.10.23"]
[SourceVersion "1"]
[SourceVersionDate "2020.10.23"]
[SourceQuality "1"]
[WhiteTeam "Greiz"]
[BlackTeam "Gross Gerau II"]
[WhiteTeamCountry "GER"]
[BlackTeamCountry "GER"]

1. d4 d5 2. Nf3 Nf6 3. e3 Bf5 4. Bd3 Bxd3 5. Qxd3 c6 6. Nbd2 Nbd7 7. 0-0 e6 8. c3 Bd6 9. Re1 0-0 10. e4 dxe4 11. Nxe4 Nxe4 12. Rxe4 Nf6 13. Rh4 g6 14. Bg5 Be7 15. Qd2 Nd5 16. Bxe7 Nxe7 17. Qh6 1-0